000 00605nam a2200241Ia 4500
003 OSt
005 20220918215150.0
006 a|||||r|||| 00| 0
007 ta
008 220917b |||||||| |||| 00| 0 eng d
024 _a140,248
037 _cTextual
040 _aARTS
_cARTS
_beng
041 _2eng
_aeng
082 _aY1:1:6, K2
100 _aBraidwood R J
_9133382
245 0 _aCourses toward urban life
260 _c1962
650 _aSOCIOLOGY
700 _a WLilley G R
_9133383
942 _hY1:1:6, K2
_cTEXL
_2CC
999 _c263224
_d263224